000 00547nam a22002057a 4500
003 OSt
005 20160509133301.0
008 160509b xxu||||| |||| 00| 0 eng d
020 _a0716705710
040 _c040a
082 _a543
_bHAR 2005
100 _aHarris, Daniel C
_98281
245 _aExploring chemical analysis /
_cDaniel C. Harris
250 _a3rd.ed
260 _aNew York
_bW. H Freeman and company
_c2005
300 _axiii, 611p;
_bCol.ill :
_c16 cm
504 _aIncludes index
650 _aChemistry
_9797
942 _2ddc
_cSLOAN
999 _c3903
_d3903